<?xml version="1.0" encoding="UTF-8"?>
<record
    xmlns:xsi="http://www.w3.org/2001/XMLSchema-instance"
    xsi:schemaLocation="http://www.loc.gov/MARC21/slim http://www.loc.gov/standards/marcxml/schema/MARC21slim.xsd"
    xmlns="http://www.loc.gov/MARC21/slim">

  <leader>01737nam a2200277 a 4500</leader>
  <controlfield tag="001">000087404</controlfield>
  <controlfield tag="005">20200120224953.0</controlfield>
  <controlfield tag="008">990302s2018    ck a   er|||||||| f spa d</controlfield>
  <datafield tag="020" ind1=" " ind2=" ">
    <subfield code="a">9789588954677</subfield>
  </datafield>
  <datafield tag="041" ind1=" " ind2=" ">
    <subfield code="a">spa</subfield>
  </datafield>
  <datafield tag="043" ind1=" " ind2=" ">
    <subfield code="a">s-ck---</subfield>
  </datafield>
  <datafield tag="090" ind1=" " ind2=" ">
    <subfield code="a">JN</subfield>
    <subfield code="b">FUE PNL</subfield>
  </datafield>
  <datafield tag="100" ind1="0" ind2=" ">
    <subfield code="a">Fuentes, Carlos</subfield>
  </datafield>
  <datafield tag="245" ind1="1" ind2="0">
    <subfield code="a">Aura /</subfield>
    <subfield code="c">Carlos Fuentes, ilustraciones: Alejandra Acosta; ep&#xED;logo: Mar&#xED;a Negroni.</subfield>
  </datafield>
  <datafield tag="260" ind1=" " ind2=" ">
    <subfield code="a">Bogot&#xE1; :</subfield>
    <subfield code="b">Babel,</subfield>
    <subfield code="c">2018.</subfield>
  </datafield>
  <datafield tag="300" ind1=" " ind2=" ">
    <subfield code="a">68 p&#xE1;ginas.</subfield>
  </datafield>
  <datafield tag="490" ind1=" " ind2="0">
    <subfield code="a">Ministerio de Cultura, Plan Nacional de Lectura y Escritura Leer es mi Cuento, 2018</subfield>
  </datafield>
  <datafield tag="520" ind1=" " ind2=" ">
    <subfield code="a">"Aura es una novela fant&#xE1;stica de corte g&#xF3;tico, situada en Ciudad de M&#xE9;xico, en 1961. Narra la historia de Felipe Montero, un joven historiador al que le ser&#xE1; encomendada la tarea de ordenar y terminar de escribir las memorias del general Llorente por parte de do&#xF1;a Consuelo, su viuda, con la condici&#xF3;n de que deber&#xE1; vivir en la casa junto con ella y su sobrina, Aura, mientras realice el trabajo. La casa resulta extra&#xF1;a para Felipe: est&#xE1; permanentemente a oscuras para no avivar el recuerdo del general fallecido, apenas iluminada con luz de velas, y con un mobiliario y una decoraci&#xF3;n antiguos, como si en la casa el tiempo no hubiera pasado. Este ambiente recuerda a las novelas g&#xF3;ticas, donde predomina la oscuridad y existe constantemente la sensaci&#xF3;n de que la frontera entre lo real y lo fant&#xE1;stico est&#xE1; a punto de borrarse."</subfield>
  </datafield>
  <datafield tag="600" ind1=" " ind2=" ">
    <subfield code="a">Fuentes, Carlos</subfield>
    <subfield code="x">Critica e interpretaci&#xF3;n</subfield>
  </datafield>
  <datafield tag="650" ind1="1" ind2="4">
    <subfield code="a">Novela juvenil mexicana</subfield>
  </datafield>
  <datafield tag="650" ind1="1" ind2="4">
    <subfield code="a">Literatura juvenil mexicana</subfield>
  </datafield>
  <datafield tag="650" ind1="1" ind2="4">
    <subfield code="a">Novela er&#xF3;tica</subfield>
  </datafield>
  <datafield tag="650" ind1="2" ind2="4">
    <subfield code="a">Sobrenatural en la literatura</subfield>
  </datafield>
  <datafield tag="700" ind1="1" ind2=" ">
    <subfield code="a">Acosta, Alejandra,</subfield>
    <subfield code="e">ilustrador.</subfield>
  </datafield>
  <datafield tag="700" ind1="1" ind2=" ">
    <subfield code="a">Negroni, Mar&#xED;a,</subfield>
    <subfield code="e">epilogo</subfield>
  </datafield>
  <datafield tag="999" ind1=" " ind2=" ">
    <subfield code="c">11986</subfield>
    <subfield code="d">11986</subfield>
  </datafield>
  <datafield tag="952" ind1=" " ind2=" ">
    <subfield code="0">0</subfield>
    <subfield code="1">0</subfield>
    <subfield code="2">ddc</subfield>
    <subfield code="4">0</subfield>
    <subfield code="7">0</subfield>
    <subfield code="8">LJ</subfield>
    <subfield code="a">BPMOS</subfield>
    <subfield code="b">BPMOS</subfield>
    <subfield code="d">2020-01-20</subfield>
    <subfield code="i">NT</subfield>
    <subfield code="l">1</subfield>
    <subfield code="o">JN FUE PNL</subfield>
    <subfield code="p">MOS019979</subfield>
    <subfield code="r">2022-06-03</subfield>
    <subfield code="s">2022-06-02</subfield>
    <subfield code="t">ej.1</subfield>
    <subfield code="w">2020-01-20</subfield>
    <subfield code="y">BKLIT</subfield>
    <subfield code="z">Quince d&#xED;as</subfield>
  </datafield>
</record>
